Database System Concepts / Henry F. Korth, Abraham Silberchatz (Registro nro. 11750)
[ vista simple ]
| 000 -LÍDER | |
|---|---|
| fixed length control field | 00528nam a2200181 4500 |
| 008 - ELEMENTOS DE LONGITUD FIJA -- INFORMACIÓN GENERAL | |
| fixed length control field | 0 1991 0a 000 0Sin |
| 020 ## - NÚMERO INTERNACIONAL NORMALIZADO PARA LIBROS | |
| ISBN | 0-07-100804-7 |
| 050 ## - SIGNATURA TOPOGRAFICA DE LA BIBLIOTECA DEL CONGRESO (LC) | |
| Número de Clasificación | QA76.D3 K85 |
| 082 ## - NUMERO DE CLASIFICACION DECIMAL DEWEY | |
| Número de Clasificación | 001.6 K249d |
| 100 ## - ASIENTO PRINCIPAL--NOMBRE PERSONAL | |
| Nombre personal | Korth F. Henry |
| 245 ## - TÍTULO | |
| Título | Database System Concepts / Henry F. Korth, Abraham Silberchatz |
| 250 ## - MENCIÓN DE EDICIÓN | |
| Mención de edición | 2 |
| 260 ## - PUBLICACIÓN, DISTRIBUCIÓN, ETC. (PIE DE IMPRENTA) | |
| Lugar de publicación, distribución, etc. | Singapore : Mcgraw-Hill |
| 300 ## - DESCRIPCIÓN FÍSICA | |
| Extensión | xix, 694 p. / 24 cm. |
| 500 ## - NOTA GENERAL | |
| Nota general | Incluye biliografía |
| 650 ## - ASIENTO SECUNDARIO DE MATERIA - TERMINO TEMÁTICO | |
| Término temático o nombre geográfico como elemento de entrada | 1.- DATABASE MANAGEMENT |
| 700 ## - ASIENTO SECUNDARIO - NOMBRE PERSONAL | |
| Nombre personal | Silberschatz, Abraham coaut. |
| No. biblioteca | No. biblioteca | Número de clasificación | Código de barras/Número de adquisición | Número de copia | Tipo de material |
|---|---|---|---|---|---|
| LUIS G. INCLAN | LUIS G. INCLAN | 001.6 K249d | 24946 | 6 | Libros |
